Quản trị rủi ro trong kinh doanh ngoại thương

Gardado en:
Detalles Bibliográficos
Autor Principal: Nguyễn, Anh Tuấn
Formato: Libro
Idioma:Undetermined
Publicado: Hà Nội Lao động - Xã hội 2006
Những chủ đề:
Các nhãn: Engadir etiqueta
Sen Etiquetas, Sexa o primeiro en etiquetar este rexistro!
Thư viện lưu trữ: Trung tâm Học liệu Trường Đại học Cần Thơ
LEADER 00585nam a2200193Ia 4500
001 CTU_103644
008 210402s9999 xx 000 0 und d
020 |c 37000 
082 |a 658.15 
082 |b T502 
100 |a Nguyễn, Anh Tuấn 
245 0 |a Quản trị rủi ro trong kinh doanh ngoại thương 
245 0 |c Nguyễn Anh Tuấn 
260 |a Hà Nội 
260 |b Lao động - Xã hội 
260 |c 2006 
650 |a Accounting management,Financial management 
904 |i Hiếu 
980 |a Trung tâm Học liệu Trường Đại học Cần Thơ